Elementary statistics (Record no. 33705)
[ view plain ]
| 000 -LEADER | |
|---|---|
| fixed length control field | 00426nam a22001817a 4500 |
| 005 - DATE AND TIME OF LATEST TRANSACTION | |
| control field | 20230926114743.0 |
| 008 - FIXED-LENGTH DATA ELEMENTS--GENERAL INFORMATION | |
| fixed length control field | 230926b |||||||| |||| 00| 0 eng d |
| 020 ## - INTERNATIONAL STANDARD BOOK NUMBER | |
| ISBN | 02010675444 |
| 082 ## - DEWEY DECIMAL CLASSIFICATION NUMBER | |
| Classification number | 519.5 |
| Item number | SKA-E |
| 100 ## - MAIN ENTRY--AUTHOR | |
| Author Name | Skane donna H. |
| 245 ## - TITLE STATEMENT | |
| Title | Elementary statistics |
| 260 ## - PUBLICATION, DISTRIBUTION, ETC. | |
| Place of Publication | Canada |
| Name of publisher, distributor, etc. | Wesley |
| Date of publication, distribution, etc. | 1985 |
| 300 ## - PHYSICAL DESCRIPTION | |
| Pages | 414 |
| 500 ## - GENERAL NOTE | |
| General note | Include Index |
| 650 ## - SUBJECT ADDED ENTRY--TOPICAL TERM | |
| Subject / Department | Statistics |
| 700 ## - ADDED ENTRY--PERSONAL NAME | |
| Personal name | Donna h.Skane |
| 952 ## - LOCATION AND ITEM INFORMATION (KOHA) | |
| -- | 0 |
| -- | 0 |
| Lost status | Damaged status | Collection code | Permanent Location | Current Location | Shelving Location | Date acquired | Full Call Number | Accession No./Barcode | Date last seen | item type | Koha item type |
|---|---|---|---|---|---|---|---|---|---|---|---|
| Economics/Commerce | Superior Information Resource Center (SIRC) Superior University - City Campus | Superior Information Resource Center (SIRC) Superior University - City Campus | Economics | 09/26/2023 | 519.5 SKA-E 1985 | 20536 | 09/26/2023 | BOOK | BOOK |
